Descripciones regionales segunda sección. (Record no. 25219)

MARC details
000 -LEADER
fixed length control field 01340cam a22002531 4500
001 - CONTROL NUMBER
control field gs 13000022
003 - CONTROL NUMBER IDENTIFIER
control field DLC
005 - DATE AND TIME OF LATEST TRANSACTION
control field 20260227111313.0
008 - FIXED-LENGTH DATA ELEMENTS--GENERAL INFORMATION
fixed length control field 920618s1912 ag ab b 000 0 spa c
010 ## - LIBRARY OF CONGRESS CONTROL NUMBER
LC control number gs 13000022
035 ## - SYSTEM CONTROL NUMBER
System control number (OCoLC)26041773
040 ## - CATALOGING SOURCE
Original cataloging agency Library, U.S. Geol. survey
Transcribing agency CSt
Modifying agency DLC
042 ## - AUTHENTICATION CODE
Authentication code premarc
050 00 - LIBRARY OF CONGRESS CALL NUMBER
Classification number QE231
Item number .B7
100 1# - MAIN ENTRY--PERSONAL NAME
Personal name Bodenbender, Guillermo,
Dates associated with a name 1857-1941.
245 00 - TITLE STATEMENT
Title Descripciones regionales segunda sección.
Remainder of title Parte meridional de la provincia de la Rioja y regiones limítrofes; constitutción geológica y productos minerales,
Statement of responsibility, etc. por el dr. Guillermo Bodenbender ... con un plano geológico, un cuadro de perfiles y fotograbados ...
260 ## - PUBLICATION, DISTRIBUTION, ETC.
Place of publication, distribution, etc. Buenos Aires,
Name of publisher, distributor, etc. Talleres de publicaciones de la Oficina meteorológica Argentina,
Date of publication, distribution, etc. 1912.
300 ## - PHYSICAL DESCRIPTION
Extent 161 p., 3 l.
Other physical details illus., fold. map, 2 fold. col. diagr.
Dimensions 27 cm.
490 0# - SERIES STATEMENT
Series statement Argentine Republic. Ministerio de agricultura. Sección geología, mineralogía y minería. Anales.
Volume/sequential designation t. VII, núm. 3
500 ## - GENERAL NOTE
General note At head of title: ... División de minas, geología é hidrología. Contribuciones al conocimiento geológico de la República Argentina. Materiales para el mapa geológico económico.
504 ## - BIBLIOGRAPHY, ETC. NOTE
Bibliography, etc. note "Bibliografía": 2 leaves after p. 161.
650 #0 - SUBJECT ADDED ENTRY--TOPICAL TERM
Topical term or geographic name entry element Mines and mineral resources
Geographic subdivision Argentina.
650 #0 - SUBJECT ADDED ENTRY--TOPICAL TERM
Topical term or geographic name entry element Geology
Geographic subdivision Argentina.

No items available.

Powered by Koha